[Event "Chess.com Classic Play In"]
[Site "Chess.com INT"]
[Date "2024.05.08"]
[Round "1"]
[White "Christiansen, Johan Sebastian"]
[Black "Vachier Lagrave, Maxime"]
[Result "0-1"]
[WhiteElo "2662"]
[BlackElo "2732"]
[PlyCount "80"]
[EventDate "2024.05.08"]
[EventType "swiss (rapid)"]
[EventRounds "9"]
[EventCountry "USA"]
[SourceTitle "CB20_2024"]
[SourceDate "2024.05.16"]
[SourceVersion "1"]
[SourceVersionDate "2024.05.16"]
[SourceQuality "1"]

1. e4 c5 2. Nf3 Nc6 3. b4 cxb4 4. d4 g6 5. a3 b3 6. cxb3 Bg7 7. Nc3 d6 8. h3 Nf6 9. Be2 0-0 10. 0-0 d5 11. e5 Ne4 12. Bb2 Bf5 13. Bd3 Rc8 14. Rc1 Qd7 15. Qe2 Bh6 16. Rc2 Nxc3 17. Bxc3 Nd8 18. Bd2 Rxc2 19. Bxc2 Bxd2 20. Qxd2 Bxc2 21. Qxc2 Ne6 22. Rc1 Kg7 23. g3 Ra8 24. Kg2 a5 25. h4 h6 26. h5 g5 27. a4 Ra6 28. Qd2 Rb6 29. Rc3 Rb4 30. Qe3 b5 31. axb5 Qxb5 32. Rd3 a4 33. bxa4 Qxa4 34. Ra3 Qd1 35. Rd3 Qb1 36. Ra3 Qc2 37. Ra7 Rb1 38. Rxe7 Qd1 39. Kh3 Rb3 40. Nxg5 Nxg5+ 0-1

[Event "Chess.com Classic Play In"]
[Site "Chess.com INT"]
[Date "2024.05.08"]
[Round "2"]
[White "Vachier Lagrave, Maxime"]
[Black "Kamsky, Gata"]
[Result "1-0"]
[WhiteElo "2732"]
[BlackElo "2616"]
[PlyCount "187"]
[EventDate "2024.05.08"]
[EventType "swiss (rapid)"]
[EventRounds "9"]
[EventCountry "USA"]
[SourceTitle "CB20_2024"]
[SourceDate "2024.05.16"]
[SourceVersion "1"]
[SourceVersionDate "2024.05.16"]
[SourceQuality "1"]

1. e4 e5 2. Nf3 Nc6 3. Bb5 Nf6 4. 0-0 Nxe4 5. d4 Nd6 6. Bxc6 dxc6 7. dxe5 Nf5 8. Qxd8+ Kxd8 9. h3 h6 10. Nc3 Bd7 11. b3 Kc8 12. Bb2 b6 13. Rad1 Ne7 14. Rfe1 c5 15. Ne2 Ng6 16. h4 Bg4 17. Nh2 Bf5 18. h5 Ne7 19. Nf4 Bxc2 20. Rd2 Bh7 21. e6 f6 22. Nf3 Kb7 23. Rd7 Re8 24. Nh4 Rg8 25. g4 Kc6 26. b4 a6 27. bxc5 bxc5 28. Rd2 Nc8 29. Nfg2 c4 30. a3 Bc5 31. Nf4 Rd8 32. Red1 Rxd2 33. Rxd2 Nd6 34. Kg2 Rb8 35. Nhg6 Nb5 36. a4 Nd6 37. Ne7+ Kb7 38. Neg6 Re8 39. Re2 Kc6 40. f3 Bg8 41. Bc3 Nc8 42. Re4 Nd6 43. Re2 Nc8 44. Nh4 Bd6 45. Re4 Bxf4 46. Rxc4+ Kd5 47. Rxf4 Bxe6 48. Rd4+ Kc6 49. Kg3 Nd6 50. Bb4 Rb8 51. Ng6 Re8 52. Rd3 Bf7 53. Rc3+ Kd7 54. Nh4 Be6 55. Ng2 Rb8 56. Ba5 Nc4 57. Rd3+ Kc6 58. Nf4 Bf7 59. Be1 Ne5 60. Rc3+ Kd6 61. Bf2 Kd7 62. Bc5 Bc4 63. Bd4 Bf7 64. Bxe5 fxe5 65. Nd3 Kd6 66. Nc5 a5 67. Ne4+ Kd7 68. Rc5 Rb4 69. Rxe5 g6 70. Rxa5 gxh5 71. gxh5 Ke7 72. Re5+ Kf8 73. a5 Ra4 74. Rc5 Be8 75. Nf6 Bf7 76. Ng4 Kg7 77. Ne3 c6 78. Nf5+ Kf6 79. Nxh6 Bd5 80. Ng4+ Kg5 81. Ne3 Kxh5 82. Nxd5 cxd5 83. Rxd5+ Kg6 84. f4 Kf6 85. Kg4 Ke6 86. Re5+ Kf6 87. Rb5 Kg6 88. Rb6+ Kf7 89. Ra6 Rb4 90. Ra8 Rb5 91. a6 Ra5 92. a7 Kg7 93. f5 Ra6 94. f6+ 1-0

[Event "Titled Tuesday intern op 30th Apr Early"]
[Site "Chess.com INT"]
[Date "2024.04.30"]
[Round "4"]
[White "Zhigalko, Sergei"]
[Black "Vachier Lagrave, Maxime"]
[Result "1/2-1/2"]
[WhiteElo "2572"]
[BlackElo "2732"]
[PlyCount "134"]
[EventDate "2024.04.30"]
[EventType "swiss (blitz)"]
[EventRounds "11"]
[EventCountry "USA"]
[SourceTitle "CB19_2024"]
[SourceDate "2024.05.08"]
[SourceVersion "1"]
[SourceVersionDate "2024.05.08"]
[SourceQuality "1"]

1. e4 e5 2. Nf3 Nc6 3. Bc4 Bc5 4. b4 Bxb4 5. c3 Be7 6. d4 Na5 7. Bd3 d6 8. dxe5 dxe5 9. Nxe5 Nf6 10. 0-0 0-0 11. Qc2 Bd6 12. Nf3 Nc6 13. Bg5 h6 14. Bh4 Bg4 15. Nbd2 Re8 16. Rfe1 g5 17. Bg3 Bxg3 18. hxg3 Nd7 19. Bb5 Qf6 20. Rab1 Rad8 21. Bxc6 bxc6 22. Rb7 a5 23. Rxc7 Nc5 24. Nd4 Rc8 25. Ra7 Ra8 26. Rxa8 Rxa8 27. e5 Qe7 28. Nxc6 Qc7 29. Ne4 Nxe4 30. Qxe4 Re8 31. Qxg4 Qxc6 32. Qd4 Qe6 33. a4 Rc8 34. f4 Kg7 35. fxg5 hxg5 36. Qe3 g4 37. Rf1 Re8 38. Qg5+ Qg6 39. Qf6+ Qxf6 40. exf6+ Kg6 41. Rf4 Re3 42. Rxg4+ Kxf6 43. Rc4 Rxg3 44. Rc5 Rd3 45. Kf2 Ke6 46. Ke2 Rg3 47. Rxa5 Rxc3 48. Kf2 Ra3 49. Ra8 Kf5 50. a5 Kf4 51. Kg1 Kg3 52. Rg8+ Kf4 53. Kh2 Rxa5 54. Rf8 f5 55. Rh8 Ra6 56. Rh3 Ke4 57. Rf3 f4 58. Rb3 Rg6 59. Kg1 Rc6 60. Kf2 Kf5 61. Kf3 Rc5 62. Ra3 Rb5 63. Rc3 Rd5 64. Rb3 Rc5 65. Ra3 Rb5 66. Rc3 Rd5 67. Rb3 Rc5 1/2-1/2

[Event "Bundesliga 2324"]
[Site "Germany"]
[Date "2024.03.17"]
[Round "13.1"]
[White "Vachier Lagrave, Maxime"]
[Black "Kadric, Denis"]
[Result "1/2-1/2"]
[WhiteElo "2727"]
[BlackElo "2579"]
[PlyCount "49"]
[EventDate "2023.10.21"]
[EventType "team-tourn"]
[EventRounds "15"]
[EventCountry "GER"]
[SourceTitle "CB13_2024"]
[SourceDate "2024.03.27"]
[SourceVersion "1"]
[SourceVersionDate "2024.03.27"]
[SourceQuality "1"]
[WhiteTeam "Baden-Baden"]
[BlackTeam "Kirchweyhe"]
[WhiteTeamCountry "GER"]
[BlackTeamCountry "GER"]

1. d4 Nf6 2. c4 e6 3. Nc3 d5 4. cxd5 Nxd5 5. e4 Nxc3 6. bxc3 c5 7. Rb1 Be7 8. Nf3 0-0 9. Bc4 a6 10. 0-0 b5 11. Bb3 Bb7 12. Qe2 cxd4 13. cxd4 Nd7 14. Bc2 Rc8 15. Bd3 Nb6 16. Bd2 Nc4 17. Bf4 Bd6 18. Bg5 Be7 19. Bf4 Bd6 20. Bg5 Be7 21. h4 h6 22. Bxe7 Qxe7 23. a4 Na3 24. Rb2 Rc3 25. Re1 1/2-1/2

[Event "Titled Tuesday intern op 13th Feb Late"]
[Site "Chess.com INT"]
[Date "2024.02.13"]
[Round "10"]
[White "Deac, Bogdan Daniel"]
[Black "Vachier Lagrave, Maxime"]
[Result "0-1"]
[WhiteElo "2690"]
[BlackElo "2732"]
[PlyCount "68"]
[EventDate "2024.02.13"]
[EventType "swiss (blitz)"]
[EventRounds "11"]
[EventCountry "USA"]
[SourceTitle "CB08_2024"]
[SourceDate "2024.02.21"]
[SourceVersion "1"]
[SourceVersionDate "2024.02.21"]
[SourceQuality "1"]

1. d4 Nf6 2. Nf3 g6 3. e3 Bg7 4. Be2 0-0 5. 0-0 b6 6. c4 Bb7 7. Nc3 e6 8. b4 d6 9. Bb2 Nbd7 10. Qc2 c5 11. dxc5 dxc5 12. b5 Qe7 13. h3 Rad8 14. a4 Ne8 15. a5 Nd6 16. axb6 axb6 17. Na4 e5 18. Rfd1 e4 19. Ne1 f5 20. Rd2 Bxb2 21. Qxb2 Nc8 22. Rad1 Nf6 23. g3 Kf7 24. Ng2 g5 25. h4 h6 26. Rxd8 Rxd8 27. Rxd8 Qxd8 28. Qe5 Ne7 29. hxg5 hxg5 30. Ne1 Bc8 31. Bf1 Ng6 32. Qb8 Ng4 33. Be2 N6e5 34. Bxg4 Nxg4 0-1

[Event "Titled Tuesday intern op 13th Feb Late"]
[Site "Chess.com INT"]
[Date "2024.02.13"]
[Round "1"]
[White "Vachier Lagrave, Maxime"]
[Black "Kopczynski, Michal"]
[Result "1-0"]
[WhiteElo "2732"]
[BlackElo "2225"]
[PlyCount "157"]
[EventDate "2024.02.13"]
[EventType "swiss (blitz)"]
[EventRounds "11"]
[EventCountry "USA"]
[SourceTitle "CB08_2024"]
[SourceDate "2024.02.21"]
[SourceVersion "1"]
[SourceVersionDate "2024.02.21"]
[SourceQuality "1"]

1. e4 b6 2. d4 Bb7 3. Bd3 e6 4. Nf3 Nf6 5. Qe2 d5 6. e5 Nfd7 7. h4 c5 8. c3 Nc6 9. a3 Qc7 10. Be3 0-0-0 11. Nbd2 h6 12. b4 c4 13. Bc2 f5 14. h5 Be7 15. Bf4 Nf8 16. Nf1 g6 17. hxg6 Nxg6 18. Bh2 Rdg8 19. Ne3 Kb8 20. 0-0 Bg5 21. Kh1 Bf4 22. g3 Bg5 23. Ng2 Qg7 24. a4 Be7 25. Rg1 h5 26. Nf4 Qf7 27. Qe3 h4 28. Nxg6 Rxg6 29. gxh4 Bxh4 30. Rxg6 Qxg6 31. Rg1 Qh5 32. Nxh4 Qxh4 33. Qg3 Qh5 34. Bd1 Qh6 35. f4 Ne7 36. Rg2 Bc6 37. Qg5 Be8 38. Qxh6 Rxh6 39. Rg7 Ng6 40. Kg1 Kc8 41. Rxa7 Kd8 42. a5 bxa5 43. bxa5 Rh3 44. a6 Rxc3 45. Bh5 Rc1+ 46. Kf2 Rc2+ 47. Be2 Ra2 48. Bg1 Bc6 49. Kf3 c3 50. Be3 Nh4+ 51. Kf2 Ng6 52. Rg7 Ne7 53. a7 Nc8 54. Kf3 Rxa7 55. Rxa7 Nxa7 56. Bc1 Bb5 57. Bd1 Bd3 58. Ke3 Be4 59. Ba4 Nc6 60. Bxc6 Kc7 61. Ba4 Kb6 62. Bd1 Kb5 63. Bh5 Kc6 64. Be8+ Kc7 65. Ba3 c2 66. Kd2 Kd8 67. Ba4 Kc7 68. Bxc2 Bf3 69. Ba4 Be4 70. Kc3 Bf3 71. Bd6+ Kd8 72. Kb4 Be4 73. Bc6 Bd3 74. Kc5 Be4 75. Kb6 Bd3 76. Kb7 Be4 77. Bf8 Bd3 78. Bg7 Be4 79. Bf6# 1-0

[Event "Titled Tuesday intern op 13th Feb Late"]
[Site "Chess.com INT"]
[Date "2024.02.13"]
[Round "11"]
[White "Vachier Lagrave, Maxime"]
[Black "Martinez Alcantara, Jose Eduardo"]
[Result "1/2-1/2"]
[WhiteElo "2732"]
[BlackElo "2610"]
[PlyCount "286"]
[EventDate "2024.02.13"]
[EventType "swiss (blitz)"]
[EventRounds "11"]
[EventCountry "USA"]
[SourceTitle "CB08_2024"]
[SourceDate "2024.02.21"]
[SourceVersion "1"]
[SourceVersionDate "2024.02.21"]
[SourceQuality "1"]

1. e4 e5 2. Nf3 Nc6 3. Bb5 a6 4. Ba4 Nf6 5. 0-0 Be7 6. Re1 b5 7. Bb3 d6 8. c3 0-0 9. h3 Be6 10. d4 Bxb3 11. axb3 h6 12. d5 Nb8 13. Nbd2 c6 14. dxc6 Nxc6 15. Nf1 Re8 16. Ng3 Bf8 17. Nh2 d5 18. exd5 Qxd5 19. Ng4 Qe6 20. Qf3 Nxg4 21. hxg4 a5 22. g5 hxg5 23. Bxg5 Rac8 24. Re4 g6 25. Rh4 f5 26. Rd1 Bg7 27. Rd5 Nd4 28. Rdxd4 exd4 29. cxd4 Rc2 30. Kh2 Rxb2 31. d5 Qe5 32. Be3 Rxb3 33. Qd1 Rb4 34. Rxb4 axb4 35. Qd2 Rd8 36. Qxb4 Qxd5 37. Bg5 Re8 38. Bf4 Bf8 39. Qb2 Bg7 40. Qb4 Be5 41. Ne2 Qc4 42. Qd2 Bf6 43. Be3 b4 44. Nf4 Be5 45. g3 Qf7 46. Qxb4 g5 47. Nh3 f4 48. gxf4 gxf4 49. Bxf4 Bg7 50. Bg3 Qd5 51. Nf4 Qf7 52. Qb6 Re5 53. Qc6 Kh7 54. Qc2+ Qf5 55. Qxf5+ Rxf5 56. Nh3 Ra5 57. Kg2 Kg6 58. Nf4+ Kf5 59. Ne2 Ra4 60. Ng1 Bf6 61. Nf3 Kg4 62. Nh2+ Kf5 63. Nf3 Be7 64. Nh2 Ra3 65. Nf3 Ke4 66. Nd2+ Kd5 67. Nf3 Rd3 68. Ne1 Rb3 69. Nf3 Ba3 70. Nd2 Rd3 71. Nf3 Bc1 72. Ng1 Rb3 73. Ne2 Bg5 74. Ng1 Ke4 75. Nh3 Bh6 76. Ng1 Bf4 77. Bxf4 Kxf4 78. Nh3+ Kg4 79. Ng1 Ra3 80. Ne2 Ra8 81. Ng3 Rg8 82. Ne2 Kf5+ 83. Kf3 Rf8 84. Ng3+ Kg5+ 85. Kg2 Kf4 86. Ne2+ Ke4 87. Ng3+ Kd3 88. Nf1 Ke2 89. Ng3+ Ke1 90. Ne4 Rf7 91. Kg3 Ke2 92. f4 Ke3 93. Ng5 Rxf4 94. Nh3 Rf8 95. Kg4 Rg8+ 96. Ng5 Ra8 97. Kf5 Ra5+ 98. Kf6 Rb5 99. Ne6 Ke4 100. Ng5+ Kd5 101. Nf7 Rb7 102. Ng5 Ra7 103. Kf5 Ra8 104. Kf6 Rf8+ 105. Nf7 Rb8 106. Ke7 Rb1 107. Kf6 Rf1+ 108. Ke7 Rf5 109. Nd8 Re5+ 110. Kd7 Rh5 111. Nf7 Rf5 112. Ke7 Rf3 113. Nd8 Re3+ 114. Kd7 Ke5 115. Ke7 Re1 116. Nf7+ Kf5+ 117. Kd7 Rd1+ 118. Ke7 Re1+ 119. Kd7 Kf6 120. Nd6 Rd1 121. Kc6 Ke5 122. Nc4+ Kd4 123. Nd6 Rd2 124. Nb5+ Ke5 125. Nc7 Rc2+ 126. Kd7 Rc3 127. Ne8 Rd3+ 128. Ke7 Re3 129. Kd7 Rd3+ 130. Ke7 Rd1 131. Nc7 Ra1 132. Kd7 Ra7 133. Kc6 Ra2 134. Kd7 Rh2 135. Kc6 Rh7 136. Nb5 Rh5 137. Kc5 Ke4+ 138. Kc4 Rh4 139. Nc3+ Ke3+ 140. Kc5 Kd2 141. Nd5 Kd3 142. Nb4+ Kc3 143. Nd5+ Kb3 1/2-1/2

[Event "Titled Tuesday intern op 06th Feb Late"]
[Site "Chess.com INT"]
[Date "2024.02.06"]
[Round "10"]
[White "Vachier Lagrave, Maxime"]
[Black "Hong, Andrew Z"]
[Result "1-0"]
[WhiteElo "2732"]
[BlackElo "2542"]
[PlyCount "145"]
[EventDate "2024.02.06"]
[EventType "swiss (blitz)"]
[EventRounds "11"]
[EventCountry "USA"]
[SourceTitle "CB07_2024"]
[SourceDate "2024.02.14"]
[SourceVersion "1"]
[SourceVersionDate "2024.02.14"]
[SourceQuality "1"]

1. e4 Nc6 2. Nf3 d6 3. d4 Nf6 4. d5 Nb8 5. Bd3 Bg4 6. Nbd2 g6 7. h3 Bxf3 8. Nxf3 Bg7 9. 0-0 0-0 10. c3 c6 11. Bc2 Nbd7 12. Re1 a5 13. a4 Qc7 14. Be3 Nb6 15. Bb3 Rac8 16. dxc6 bxc6 17. e5 dxe5 18. Nxe5 Nfd5 19. Bxb6 Nxb6 20. Qe2 e6 21. Nxf7 Rxf7 22. Bxe6 Rcf8 23. Rad1 Kh8 24. Bxf7 Qxf7 25. Rd6 Nxa4 26. Rxc6 Qb7 27. Rc4 Qb3 28. Rc7 Qxb2 29. Qxb2 Nxb2 30. Ree7 Rg8 31. Ra7 a4 32. Reb7 Nd1 33. c4 Nc3 34. c5 Ne2+ 35. Kf1 Nd4 36. Rxa4 Rc8 37. Raa7 Bf8 38. Rxh7+ Kg8 39. Rhc7 Rxc7 40. Rxc7 Ne6 41. Rc8 Nxc5 42. h4 Kf7 43. g3 Ne6 44. Kg2 Bd6 45. Rc4 Kf6 46. f4 Kf5 47. Kf3 Kf6 48. Kg4 Be7 49. Rc6 Kf7 50. h5 gxh5+ 51. Kxh5 Nd4 52. Ra6 Bb4 53. Kg4 Be1 54. Ra1 Bf2 55. Rf1 Be3 56. Re1 Bf2 57. Re4 Kf6 58. Kh3 Nc6 59. g4 Bc5 60. Rc4 Nd4 61. Rxc5 Ne6 62. Rc6 Ke7 63. Rxe6+ Kxe6 64. Kh4 Kf6 65. Kh5 Kg7 66. Kg5 Kf7 67. f5 Kg7 68. f6+ Kf7 69. Kf5 Kf8 70. Kg6 Kg8 71. f7+ Kf8 72. g5 Ke7 73. Kg7 1-0

[Event "Titled Tuesday intern op 23rd Jan Late"]
[Site "Chess.com INT"]
[Date "2024.01.23"]
[Round "8"]
[White "Dominguez Perez, Leinier"]
[Black "Vachier Lagrave, Maxime"]
[Result "0-1"]
[WhiteElo "2752"]
[BlackElo "2734"]
[PlyCount "104"]
[EventDate "2024.01.23"]
[EventType "swiss (blitz)"]
[EventRounds "11"]
[EventCountry "USA"]
[SourceTitle "CB05_2024"]
[SourceDate "2024.01.31"]
[SourceVersion "1"]
[SourceVersionDate "2024.01.31"]
[SourceQuality "1"]

1. e4 c5 2. Nf3 d6 3. d4 cxd4 4. Nxd4 Nf6 5. Nc3 a6 6. Be3 Ng4 7. Bc1 Nf6 8. f3 e6 9. g4 b5 10. g5 Nfd7 11. Be3 Bb7 12. Qd2 b4 13. Nce2 d5 14. exd5 Bxd5 15. Nf4 Ne5 16. 0-0-0 Bb7 17. Qf2 Nbd7 18. Ndxe6 fxe6 19. Nxe6 Qa5 20. Kb1 Rc8 21. Bh3 Bd5 22. b3 Rc6 23. Nd4 Rc3 24. Rhe1 Bc5 25. Ne6 Bxe3 26. Rxe3 Qb6 27. Nxg7+ Kd8 28. Nf5 Be6 29. Rd6 Qxe3 30. Nxe3 Bxh3 31. Nd5 Rxf3 32. Qb6+ Ke8 33. Qd4 Rhf8 34. Rxa6 Rf1+ 35. Kb2 R8f2 36. Nxb4 Bf5 37. Ra8+ Kf7 38. Ra7 Kg6 39. Qd6+ Kxg5 40. Rc7 h6 41. Rc3 Rxh2 42. Qe7+ Kh5 43. Nd5 Ng6 44. Qb4 Rh4 45. Qa5 Nge5 46. Ne3 Rf3 47. Nxf5 Rxf5 48. Qd5 Nf6 49. Qe6 Kg5 50. Rc5 Re4 51. Rc8 Nd3+ 52. cxd3 Rxe6 0-1

[Event "Titled Tuesday intern op 23rd Jan Late"]
[Site "Chess.com INT"]
[Date "2024.01.23"]
[Round "7"]
[White "Vachier Lagrave, Maxime"]
[Black "Bluebaum, Matthias"]
[Result "1-0"]
[WhiteElo "2734"]
[BlackElo "2655"]
[PlyCount "149"]
[EventDate "2024.01.23"]
[EventType "swiss (blitz)"]
[EventRounds "11"]
[EventCountry "USA"]
[SourceTitle "CB05_2024"]
[SourceDate "2024.01.31"]
[SourceVersion "1"]
[SourceVersionDate "2024.01.31"]
[SourceQuality "1"]

1. e4 e6 2. d4 d5 3. Nc3 Nf6 4. Bg5 dxe4 5. Nxe4 Be7 6. Nxf6+ Bxf6 7. Bxf6 Qxf6 8. Nf3 0-0 9. Qd3 Bd7 10. 0-0-0 Rd8 11. Qc3 Nc6 12. Bd3 Ne7 13. Be4 Bc6 14. Bxc6 Nxc6 15. Rhe1 Rac8 16. Kb1 h6 17. a3 Ne7 18. Qa5 a6 19. Qe5 Rd5 20. Qxf6 gxf6 21. c4 Rd7 22. Kc2 Rcd8 23. Rd2 Kg7 24. Kc3 Ng6 25. g3 c6 26. a4 h5 27. a5 h4 28. b4 Rh8 29. Red1 hxg3 30. hxg3 Rh5 31. Ne1 Rf5 32. f4 Rh5 33. Nd3 Rh3 34. Rg1 f5 35. Nc5 Rc7 36. Rd3 Ne7 37. g4 Rxd3+ 38. Kxd3 fxg4 39. Rxg4+ Kf8 40. Rg1 Nc8 41. Ne4 Rd7 42. Rh1 Nd6 43. Rh8+ Kg7 44. Rb8 Nf5 45. Nc5 Rxd4+ 46. Kc3 Rxf4 47. Rxb7 Rf3+ 48. Kc2 Nd6 49. Rb6 Nxc4 50. Rxc6 Ne3+ 51. Kd2 Nd5 52. Nxa6 Ra3 53. Rc5 Kf6 54. Rb5 Ke7 55. Nb8 Kd6 56. a6 Kc7 57. Rb7+ Kc8 58. b5 Nc7 59. Nc6 Nxa6 60. Ra7 Ra2+ 61. Kc3 Nb4 62. Kxb4 Rxa7 63. Nxa7+ Kb7 64. Nc6 f5 65. Nd8+ Kb6 66. Nxe6 Kb7 67. Nf4 Kb6 68. Nd5+ Kb7 69. Kc5 Ka7 70. Kc6 Kb8 71. b6 Kc8 72. b7+ Kb8 73. Kb6 f4 74. Ne7 f3 75. Nc6# 1-0